000
00203 a2200097 4500
001
32652
100
_a
Turney
245
_a
Byron's Daughter
260
_a
London
_b
Peter Davies
_c
090
_c
21865
_d
21865
942
_a
NUST-CAE
_c
M
_c
13186
999
_c
267725
_d
267725